00314nam a2200121Ia 4500008004100000041000800041082001600049100001700065245003800082260003500120300003000155365000700185240624s9999 xx 000 0 und d aeng a658.314 PLS aPLSEK PAUL E aCREATIVITY INNOVATION AND QUALITY c2003aNew DelhibPrentice-Hall axi, : 316 : p. : cm. ; 22 cRS